LEADER 01127cam2 22002891 450 001 SOBE00084827 005 20251008090754.0 010 $a9788876427718 020 $a2024-11798 100 $a20251008d2024 |||||ita|0103 ba 101 $aita 102 $aIT 200 0 $a12: 1. agosto-10 settembre 1526$fFrancesco Guicciardini 210 $aPisa$cEdizioni della Normale$a[Firenze]$cIstituto nazionale di studi sul Rinascimento$d2024 215 $a517 p.$d25 cm 225 2 $aClavis$v17 410 1$1001SOBE00084828$12001 $a*Clavis$v17 461 1$1001SOBE00084663$12001 $a<>lettere / Francesco Guicciardini ; edizione critica a cura di Pierre Jodogne ; [poi] edizione critica a cura di Pierre Jodogne e Paola Moreno$v12 801 0$aIT$bUNISOB$c20251008$gRICA 850 $aUNISOB 852 $aUNISOB$j900$m185868 912 $aSOBE00084827 940 $aM 102 Monografia moderna SBN 941 $aW 957 $a900$b005810$i-12$gSI$d185868$n20250916$_45$racquisto$tV$[45$1menle$2UNISOB$3UNISOB$420251008090700.0$520251008090754.0$6menle 996 $a12: 1. agosto-10 settembre 1526$94442399 997 $aUNISOB